Diseño de un sistema de control estadistico en procesos de fabricación de cables electricos
Gardado en:
| Autor Principal: | |
|---|---|
| Formato: | Libro |
| Publicado: |
San José, Costa Rica
1991
|
| Materias: | |
| Etiquetas: |
Engadir etiqueta
Sen Etiquetas, Sexa o primeiro en etiquetar este rexistro!
|
MARC
| LEADER | 00000nam a2200000Ia 4500 | ||
|---|---|---|---|
| 003 | 007372 | ||
| 005 | 20221231144304.0 | ||
| 008 | 140114s1991 cr a m 000 ||s d | ||
| 040 | |c cru CEDI | ||
| 090 | |a TFG 3094 | ||
| 100 | |a Lizano Povedano, Verne |9 11382 | ||
| 245 | |a Diseño de un sistema de control estadistico en procesos de fabricación de cables electricos | ||
| 260 | |c 1991 |a San José, Costa Rica | ||
| 300 | |a 2 volúmenes : ilustraciones ; 28 cm. | ||
| 500 | |a Proyecto de graduacion (licenciatura en ingenieria industrial)--Universidad de Costa Rica. Facultad de Ingeniería. Escuela de Ingenieria Industrial | ||
| 650 | |x CONTROL DE CALIDAD |x CABLES ELECTRICOS |x FABRICACION |9 11383 | ||
| 942 | |c TFG | ||
| 999 | |c 19644 |d 19644 | ||
